1837 1829 1734 1348 1706 1358 1232 1063 1790 1597 1971 1509 1569 1179 1860 1366 1077 1389 1370 1469 1067 1778 1874 1662 1986 1956 1394 1964 1756 1077 1851 1312 1640 1739 1440 1085 1034 1808 1704 1571 1728 1645 1992 1085 1752 1363 1607 1530 1377 1256 1476 1325 1203 1418 1603 1596 1516 1453 1850 1254 1702 1204 1293 1555 1002 1488 1153 1989 1947 1264 1396 1880 1101 1420 1872 1553 1292 1882 1491 1255 1249 1973 1558 1759 1367 1053 1883 1676 1267 1935 1770 1713 1244 1647 1031 1230 1647 1683 1163 BCNSPRNW ULIB Ver.6.0+V

เปลี่ยนเป็นภาษาไทย

Change to English
 แสดงรายละเอียดบรรณานุกรม
  กลับหน้าหลัก

Brief Record : Get Marc (ISO 2709) : E-mail record : QR code < ปิดหน้าต่าง
LEADER : 00000nam 2200000uu 4500
001    13399125645
003     ULIB
008    170713s||||||||th 000 0 tha d
020    ^a9786162104015
040    ^acl
060 04 ^aWG120^bป231ฮ
100 0  ^aประชา กัญญาประสิทธิ์.
245 10 ^aฮือฮาสูตรยาหมอเบิร์ด ล้างเส้นเลือดให้เรียบใสใน 3 เดือน /^cประชากัญญาประสิทธิ์ รวบรวมและเรียบเรียง : พินิจ จันทร, ถนอมศักดิ์ จิรายุสวัสดิ์
260    ^aกรุงเทพฯ :^bปัญญาชน,^c2558
300    ^a152 หน้า :^bภาพประกอบ ;^c21 ซม.
505 0  ^aรู้ทันโรคอัมพฤกษ์ อัมพาต -- สุดยอด 3 สมุนไพรหมอเบิร์ด
650  0 ^aParalysis
650  0 ^aCerebrovascular disease
650  0 ^aCardiovascular system^xDiseases^xNutritional aspects.
650  0 ^aHerbs
650  4 ^aอัมพาต
650  4 ^aหลอดเลือดสมอง^xโรค
650  4 ^aระบบหัวใจและหลอดเลือด^xโรค^xโภชนาการ
650  4 ^aสมุนไพร^xการใช้รักษา
700 0  ^aพินิจ จันทร.
700 0  ^aถนอมศักดิ์ จิรายุสวัสดิ์.
945    ^p125^l0^i002623
999    ^aประนอม เกษจรัล
รายการนี้ยังไม่มีแท็ก
คุณยังไม่ได้ล็อกอิน คุณสามารถมีกิจกรรมร่วมกับเว็บไซต์ได้ แต่ต้องล็อกอินก่อน ::
  ล็อกอิน

รายการสื่อสารสนเทศ

ลำดับที่ ประเภท เลขเรียก/บาร์โค้ด สถานที่ สถานะ
1. วิทยาศาสตร์การแพทย์ และสุขภาพ
วิทยาศาสตร์การแพทย์ และสุขภาพ
สถานะ=หนังสือเก่า
WG120 ป231ฮ ฉ.1 
  Barcode: 002623
ห้องสมุดวิทยาเขตสวรรค์ประชารักษ์
►ส่วนจัดเก็บหนังสือเก่า สปร
บนชั้น
  ขอยืม

รายการใกล้เคียง
    ผู้แต่ง [ประชา กัญญาประสิทธิ์.]

    หัวเรื่อง [Paralysis]
    หัวเรื่อง [Cerebrovascular disease]
    หัวเรื่อง [Herbs]
    หัวเรื่อง [อัมพาต]

BibComment


ยังไม่เคยถูกคอมเมนท์

คอมเมนท์ทรัพยากรรายการนี้
  คอมเมนท์: ฮือฮาสูตรยาหมอเบ..


 Copyright 2026. Bcnsprnw @Library